=LDR 00000nam 2200000 4500 =001 INLIS000000000029225 =005 20130612131456 =008 ***********************************eng** =035 ##$$0010-061300000029225 =041 ##$$a eng =082 ##$$a 371.200 973 =090 ##$$a 371.200 973, ORG o =245 ##$$a The Organization and control of American schools, Roald F. Campbell [at.al] =260 ##$$a 1980 $b Ohio =300 ##$$a x, 488 hlm., 27 cm =650 ##$$a Pendidikan di Amerika =700 ##$$a Campbell, Roald F =850 ##$$a NBPNMAT